000 02697nam a22002897a 4500
005 20240305165612.0
007 cr|||| ||||
008 210819s2021 ca |||||s|||| 00||0 eng d
020 _a9781552215791
035 _a35050
040 _avLex
090 _c12072
_d12072
100 1 _aSharpe, Robert J.
245 1 3 _aThe Charter of Rights and Freedoms
_h[Recurso electrónico] /
_cRobert J. Sharpe, Kent Roach
250 _aSéptima Edición
256 _aServicio en línea
260 _aToronto:
_bIrwin Law Inc.,
_c2021
300 _a1 recurso electrónico
500 _aThe Charter of Rights and Freedoms, 7e, provides an accessible yet thorough account of the constitutional protection and practical application of rights under the Canadian Charter. This seventh edition includes, for the first time, an analysis of the protection of Aboriginal and Treaty rights. Among the important recent cases discussed and comprehensively explored are Conseil scolaire francophone de la Colombie-Britannique (refusing to accept that controlling the cost of the right to minority-language education would justify limiting right under section 1); the Frank decision (striking down the disenfranchisement of Canadian citizens living abroad); and an important new remedies case, Ontario (Attorney General) v G (affecting suspended declarations of invalidity and applicable exemptions). Recent developments in the section 2(b) right to freedom of religion include the Ktunaxa Nation decision rejecting an Indigenous group’s claim that a development project would infringe their right to freedom of religion, and the Trinity Western decisions dealing with a religiously motivated covenant that discriminated against prospective LGBTQ2S+ law students. Also discussed are the developments in freedom of expression, including election spending and journalists being required to reveal their sources; the important role played by the Charter in the criminal process, including the Boudreault decision, extending the protection against cruel and unusual punishment; and equality rights, including decisions on pay equity and the Fraser case, dealing with pension benefits for women.
506 1 _aDisponible solo en los productos indicados
_dvLex Global
_dvLex Global (Academic Edition, excluding Law Schools)
_dvLex Global (U.S. Academic Edition, Law Schools)
_dvLex Global (U.S. Academic Edition, excluding Law Schools)
_dvLex Global (Academic Edition, Law Schools)
650 0 4 _aDerecho Civil
_zCanadá
650 0 4 _aDerecho Constitucional
_zCanadá
700 1 _aRoach, Kent
740 0 _avLex Libros (Servicio en línea)
856 4 0 _uhttps://app.vlex.com/#/sources/35050
942 _cRAA
999 _c170308
_d170308